1915 1522 1899 1864 1018 1782 1609 1797 1934 1765 1218 1363 1656 1825 1702 1944 1855 1352 1235 1447 1994 1084 1569 1865 1306 1149 1514 1088 1629 1664 1764 1947 1073 1371 1515 1561 1046 1110 1527 1118 1604 1358 1782 1288 1359 1742 1560 1742 1988 1942 1931 1011 1148 1593 1096 1508 1981 1818 1312 1172 1057 1796 1602 1250 1650 1092 1695 1558 1224 1518 1863 1020 1893 1605 1943 1878 1692 1617 1209 1884 1059 1439 1079 1597 1147 1624 1142 1854 1482 1240 1236 1425 1791 1222 1910 1859 1081 1723 1295 BCNSPRNW ULIB Ver.6.0+V

เปลี่ยนเป็นภาษาไทย

Change to English
 แสดงรายละเอียดบรรณานุกรม
  กลับหน้าหลัก

Brief Record : Get Marc (ISO 2709) : E-mail record : QR code < ปิดหน้าต่าง
LEADER : 00000nam a2200000Ia 4500
001    13399114155
003     ULIB
008    110815s2554 th a 000 0 tha d
020    ^a9789741114610
040    ^absi
060 04 ^aWB100^bน445S
100 0  นิธิพัฒน์ เจียรกุล
245 00 ^aSecond Siriraj internal medicine board review /^cนิธิพัฒน์ เจียรกุล,บรรณาธิการ
250    ^aพิมพ์ครั้งที่ 1
260    ^aกรุงเทพฯ :^bภาพพิมพ์,^c2554
300    ^a562 หน้า :^bภาพประกอบ ;^c30 ซม.
500    ^aการประชุม Siriraj internal medicine board review
650  7 ^aอายุรศาสตร์^vรวมเรื่อง
653    ^aผลงานอาจารย์คณะแพทยศาสตร์ศิริราชพยาบาล
700 0  ^aนิธิพัฒน์ เจียรกุล,^eบรรณาธิการ
710 2  ^aมหาวิทยาลัยมหิดล. ^bคณะแพทยศาสตร์ศิริราชพยาบาล.
945    ^p650^l0^i031168
945    ^p650^l0^i031169
945    ^p650^l0^i031170
995    ^aทศพร
999 ^a ทศพร
รายการนี้ยังไม่มีแท็ก
คุณยังไม่ได้ล็อกอิน คุณสามารถมีกิจกรรมร่วมกับเว็บไซต์ได้ แต่ต้องล็อกอินก่อน ::
  ล็อกอิน

รายการสื่อสารสนเทศ

ลำดับที่ ประเภท เลขเรียก/บาร์โค้ด สถานที่ สถานะ
1. วิทยาศาสตร์การแพทย์ และสุขภาพ
หนังสือสำรอง
สถานะ=หนังสือสำรอง
WB100 น445S  
  Barcode: 031168
ห้องสมุดวิทยาเขตสวรรค์ประชารักษ์
►ส่วนจัดเก็บหนังสือเก่า สปร
บนชั้น
  ขอยืม
2. วิทยาศาสตร์การแพทย์ และสุขภาพ
วิทยาศาสตร์การแพทย์ และสุขภาพ
WB100 น445S ฉ.2 
  Barcode: 031169
ห้องสมุดวิทยาเขตสวรรค์ประชารักษ์
►ส่วนจัดเก็บหนังสือเก่า สปร
บนชั้น
  ขอยืม
3. วิทยาศาสตร์การแพทย์ และสุขภาพ
วิทยาศาสตร์การแพทย์ และสุขภาพ
WB100 น445S ฉ.3 
  Barcode: 031170
ห้องสมุดวิทยาเขตสวรรค์ประชารักษ์
►ส่วนจัดเก็บหนังสือเก่า สปร
บนชั้น
  ขอยืม

รายการใกล้เคียง
    ผู้แต่ง [นิธิพัฒน์ เจียรกุล]

BibComment


ยังไม่เคยถูกคอมเมนท์

คอมเมนท์ทรัพยากรรายการนี้
  คอมเมนท์: Second Siriraj i..


 Copyright 2026. Bcnsprnw @Library